ბათუმის შოთა რუსთაველის სახელმწიფო უნივერსიტეტის ბიბლიოთეკა

ჩანაწერი Personal Name

ჩანაწერთა რაოდენობა, რომელიც გამოყენებულია: 18

001 - CONTROL NUMBER

  • control field: 751

003 - CONTROL NUMBER IDENTIFIER

  • control field: GE_BSU

005 - DATE AND TIME OF LATEST TRANSACTION

  • control field: 20190506115412.0

008 - FIXED-LENGTH DATA ELEMENTS

  • fixed length control field: 190506|| aca||aabn | a|a d

040 ## - CATALOGING SOURCE

  • Original cataloging agency: GE_BSU
  • Transcribing agency: GE_BSU

100 ## - HEADING--PERSONAL NAME

  • Personal name: კაკულია , რევაზ

670 ## - SOURCE DATA FOUND

  • Source citation: Work cat.: (GE_BSU)36849: კაკულია , რევაზ, ფინანსების თეორია : სახელმძღვ. საფინ.-ეკონ. უმაღლ. სასწ. და უნ-ტების სტუდ